Zoogeography and inventory pf marine molluscs encountered in Southern India

Đã lưu trong:
Bibliografiske detaljer
Format: Bog
Sprog:Undetermined
Udgivet: Thailand Tropical marine mollusc programme (TMMP) 2002
Fag:
Tags: Tilføj Tag
Ingen Tags, Vær først til at tagge denne postø!
Thư viện lưu trữ: Trung tâm Học liệu Trường Đại học Cần Thơ
LEADER 00588nam a2200169Ia 4500
001 CTU_149502
008 210402s9999 xx 000 0 und d
082 |a 011.7 
082 |b Z83 
245 0 |a Zoogeography and inventory pf marine molluscs encountered in Southern India 
245 0 |c Tropical marine mollusc programme (TMMP) 
260 |a Thailand 
260 |b Tropical marine mollusc programme (TMMP) 
260 |c 2002 
650 |a Marine molluscs,Động vật thâm mềm nước mặn 
904 |i Nguyên 
980 |a Trung tâm Học liệu Trường Đại học Cần Thơ